El Desarrollo real en la práctica/
El Fondo de las Naciones Unidas para la Infancia (UNICEF), con los conocimientos y la experiencia adquirida en los últimos decenios en materia de salud materno infantil, nutrición, producción de alimentos, abastecimiento de agua, vivienda y educación dan muestra clara de que las necesidades básicas...
Αποθηκεύτηκε σε:
| Μορφή: | Κείμενο |
|---|---|
| Γλώσσα: | Spanish |
| Θέματα: | |
| Ετικέτες: |
Προσθήκη ετικέτας
Δεν υπάρχουν, Καταχωρήστε ετικέτα πρώτοι!
|
MARC
| LEADER | 00000 a a2200000 04500 | ||
|---|---|---|---|
| 003 | cru CIDCACS/IIS | ||
| 005 | 20200715121049.0 | ||
| 008 | 200715b ||||| |||| 00| 0 spa d | ||
| 999 | |c 43247 |d 43247 | ||
| 040 | |c cru CIDCACS/IIS | ||
| 245 | 3 | |a El Desarrollo real en la práctica/ | |
| 300 | |a 37-56 páginas: |b tablas | ||
| 520 | |a El Fondo de las Naciones Unidas para la Infancia (UNICEF), con los conocimientos y la experiencia adquirida en los últimos decenios en materia de salud materno infantil, nutrición, producción de alimentos, abastecimiento de agua, vivienda y educación dan muestra clara de que las necesidades básicas pueden perfectamente ser satisfechas con un incremento relativamente modesto de los recursos asignados a este fin. Se enfatiza en las muertes de madres al dar a luz y de niños menores de cinco años a causa de enfermedades como tétano, sarampión, tosferina, diarrea, infecciones respiratorias agudas, paludismo y desnutrición. Se da a conocer con este trabajo las necesidades más urgentes y los proyectos de desarrollo necesarios para superar estos problemas. OB/JM | ||
| 650 | 0 | |a SALUD MATERNOINFANTIL |9 2442 | |
| 650 | 0 | |a ALIMENTACION |9 7539 | |
| 650 | 0 | |a AGUA POTABLE |9 3622 | |
| 650 | 0 | |a EDUCACION |9 944 | |
| 650 | 0 | |a NECESIDADES BASICAS |9 4698 | |
| 650 | 4 | |a MORTALIDAD |9 2632 | |
| 650 | 0 | |a NUTRICION |9 8038 | |
| 650 | 0 | |a EMPLEO |9 288 | |
| 773 | 0 | |0 43018 |9 4488 |a Fondo de las Naciones Unidas para la Infancia |d New York: UNICEF |o MFN: 0436-1989 |t Estado Mundial de la Infancia / | |
| 942 | |2 ddc |c PP | ||
